01467nam a2200313 a 450000100100000000500170001000800410002702000180006804000250008608200230011110000450013424500620017926000360024130000360027749000170031349000370033050000580036759000260042565000280045165000310047983000440051083000240055491000380057895201360061695201360075295201210088895201270100999900170113600002083220240412074249.0100818s2008 dr ac r 001 p spa d a9789945161786 aDO-SdBNPbspacBNPHU aRD861.44bJ61caí1 aJiménez, Miguel Antonio,d1955-92180110aCaída agonizante 1984-2008 /cMiguel Antonio Jiménez. aSanto Domingo :bBúho,c2008. a287 p. :bil., retrs. ;c22 cm.1 aHorizontev11 aTaller Literario César Vallejo aIncluye datos biográficos del autor en las solapas. aInventariado, 2018/BT 0aPoesía dominicana966 0aLiteratura dominicana.967 0aTaller Literario César Vallejo943665 0aHorizonten1943666 aValidado. Control de calidad. MFF 001054708DSaGRbGRcHDd2014-03-14iLF1l0oRD861.44 J61caíp20832-30r2020-06-25te. 3w2020-06-25yLFDSZPréstamo en sala 001054708DSaGRbGRcHDd2014-04-01iLF1l0oRD861.44 J61caíp20832-40r2020-06-25te. 4w2020-06-25yLFDSZPréstamo en sala 0010718PDaPDbPDcHDd2010-08-18iLF1l0oRD861.44 J61caíp20832-10r2020-06-25w2020-06-25yLFPDZNo se presta 0010718PDaPDbPDcHDd2013-03-07iLF1l0oRD861.44 J61caíp20832-20r2020-06-25te. 2w2020-06-25yLFPDZNo se presta c20336d20336